[Event "Summer Server Series, S91121"]
[Site "CCLA"]
[Date "2019.08.24"]
[Round "?"]
[White "Shannon, Paul D."]
[Black "Thomas, Gerald K."]
[Result "1-0"]
[WhiteElo "1870"]
[BlackElo "1773"]

1. d4 Nf6 2. Nf3 d6 3. g3 Bf5 4. Bg2 h6 5. O-O g5 6. Nbd2 Bg7 7. c3 Nbd7 
8. Re1 Ne4 9. Qb3 Nb6 10. Nxe4 Bxe4 11. Nxg5 hxg5 12. Bxe4 d5 13. Bg2 e6 
14. e4 c6 15. exd5 Bf8 16. dxe6 f6 17. e7 Bxe7 18. Qe6 Kf8 19. f4 Qd6 20. 
Qxd6 Bxd6 21. fxg5 fxg5 22. Bxg5 Rh7 23. Re6 Be7 24. Rf1+ Ke8 25. Rfe1 Nc8
26. Be4 Rg7 27. Bf6 Kd7 28. Bxc6+ bxc6 29. Bxg7 Rb8 30. R6e2 Rb7 31. h4 
Ke8 32. Bf6 Kf7 33. Bxe7 Nxe7 34. Rxe7+ Rxe7 35. Rxe7+ Kxe7 36. h5 1-0

[Event "Summer Server Series, S91121"]
[Site "CCLA"]
[Date "2019.08.24"]
[Round "?"]
[White "Shannon, Paul D."]
[Black "Walton, John C."]
[Result "1-0"]
[WhiteElo "1870"]
[BlackElo "1904"]

1. d4 Nf6 2. Nf3 e6 3. g3 b5 4. Bg2 d5 5. O-O Bb7 6. Nbd2 Nbd7 7. c3 c5 8.
 a4 b4 9. cxb4 cxb4 10. b3 Rc8 11. Bb2 Bd6 12. Rc1 O-O 13. Rxc8 Qxc8 14. 
Qb1 Qb8 15. Rc1 Rc8 16. Rxc8+ Qxc8 17. Ne5 a5 18. Qc1 Qxc1+ 19. Bxc1 Nxe5 
20. dxe5 Bxe5 21. Nf3 Bc3 22. Be3 e5 23. Bb6 1-0

[Event "Summer Server Series, S91121"]
[Site "CCLA"]
[Date "2019.08.24"]
[Round "?"]
[White "Shannon, Paul D."]
[Black "Silverman, Robert"]
[Result "1-0"]
[WhiteElo "1870"]
[BlackElo "1919"]

1. d4 g6 2. e4 Bg7 3. Nc3 e6 4. Nf3 Ne7 5. Be2 h6 6. Be3 d5 7. O-O O-O 8. 
Qd2 dxe4 9. Nxe4 Nf5 10. c3 Nd7 11. Rfe1 a6 12. Bd3 Nxe3 13. fxe3 c5 14. 
Re2 Qc7 15. Rf1 b5 16. Bb1 f5 17. Nf2 Bb7 18. e4 Rad8 19. Rfe1 e5 20. Nh4 
exd4 21. Nxg6 dxc3 22. bxc3 Rfe8 23. exf5 Ne5 24. Qf4 Qc6 25. Be4 Qc7 26. 
Bxb7 Qxb7 27. Nxe5 Qb6 28. Neg4 Rxe2 29. Rxe2 Qd6 30. Qxd6 Rxd6 31. Ne4 
Rd1+ 32. Kf2 c4 33. f6 Bf8 34. Ne5 Rd5 35. Nc6 Kf7 36. Kf3 Bd6 37. Nd8+ 
Kg6 38. Ne6 Kf7 39. Nf4 Rd1 40. Nxd6+ Rxd6 41. Nh5 Rd7 42. Re7+ Rxe7 43. 
fxe7 Kxe7 44. Nf4 Kd6 45. Ke4 Kc5 46. Ne6+ Kd6 47. Nd4 h5 48. Kf4 Kc5 49. 
Nc2 Kd6 50. Kg5 Kd5 51. Kxh5 Ke4 52. g4 Kd3 53. g5 Kxc3 54. g6 Kb2 55. g7 
Kxa2 56. g8=Q Kb2 57. Qg6 a5 58. Nd4 Kc3 59. Nxb5+ Kb2 60. Qg3 a4 61. Qc3+
Kb1 62. Qd2 Ka1 63. Nc3 1-0

[Event "Summer Server Series, S91121"]
[Site "CCLA"]
[Date "2019.08.24"]
[Round "?"]
[White "Shannon, Paul D."]
[Black "Walsh, Patrick"]
[Result "1-0"]
[WhiteElo "1870"]
[BlackElo "1753"]

1. d4 d5 2. Nf3 Nf6 3. c4 e6 4. g3 Bb4+ 5. Bd2 Be7 6. Bg2 O-O 7. Qc2 Nbd7 
8. O-O Ne4 9. cxd5 Nxd2 10. Nfxd2 exd5 11. Bxd5 Nf6 12. Bg2 c6 13. e3 Be6 
14. Nc3 Rc8 15. Nde4 Nxe4 16. Nxe4 b6 17. Nc3 Qd6 18. a3 Rfd8 19. Rfd1 Kh8
20. b4 Bg4 21. Rdc1 Be6 22. Ne4 Qd7 23. Qe2 f5 24. Nc3 Rc7 25. Qa6 g5 26. 
b5 1-0

[Event "Summer Server Series, S91121"]
[Site "CCLA"]
[Date "2019.08.24"]
[Round "?"]
[White "Thomas, Gerald K."]
[Black "Walton, John C."]
[Result "0-1"]
[WhiteElo "1773"]
[BlackElo "1904"]

1. c4 e5 2. g3 c6 3. d4 e4 4. e3 d5 5. cxd5 cxd5 6. Nc3 Nf6 7. Bg2 Nc6 8. 
a3 Bf5 9. Nge2 Qd7 10. O-O h5 11. b4 h4 12. Nf4 g5 13. Nfe2 Bh3 14. Kh1 
hxg3 15. Ng1 Bxg2+ 0-1

[Event "Summer Server Series, S91121"]
[Site "CCLA"]
[Date "2019.08.24"]
[Round "?"]
[White "Thomas, Gerald K."]
[Black "Silverman, Robert"]
[Result "0-1"]
[WhiteElo "1773"]
[BlackElo "1919"]

1. e4 c5 2. c3 d6 3. d4 Nc6 4. Nf3 Nf6 5. Bd3 h6 6. Nbd2 e6 7. O-O a6 8. 
Re1 Be7 9. d5 exd5 10. exd5 Nxd5 11. Nc4 Be6 12. Bg6 O-O 13. Qc2 b5 14. 
Rxe6 bxc4 15. Bh7+ Kh8 16. Re1 Nf6 17. Bg5 Nxh7 18. Bxe7 Nxe7 19. Qe4 Re8 
20. Qxc4 Kg8 21. Re2 Nf6 22. Rae1 Kf8 23. Qd3 Qd7 24. h3 d5 25. Ne5 Qd6 
26. Ng4 Ne4 27. Rxe4 f5 28. Re6 Qd7 29. Qf3 Kg8 30. Nh2 Rac8 31. Qg3 Rc6 
32. Qe5 Kf7 33. Rxc6 Nxc6 34. Qxe8+ Qxe8 35. Rxe8 Kxe8 36. f4 a5 37. Nf3 
Ke7 38. Kf2 a4 39. Ke3 Ke6 40. Kd3 Kd6 41. b3 axb3 42. axb3 Ke7 43. Ke3 
Kd6 44. Nh4 Ne7 45. Kd2 g5 46. fxg5 hxg5 47. Nf3 g4 48. hxg4 fxg4 49. Nh2 
g3 50. Nf1 Nf5 51. Ne3 Nxe3 52. Kxe3 Ke5 53. b4 Kd6 54. b5 Kc7 55. Kd3 Kb7
56. c4 dxc4+ 57. Kc3 Kc7 58. b6+ Kxb6 59. Kxc4 Kc6 0-1

[Event "Summer Server Series, S91121"]
[Site "CCLA"]
[Date "2019.08.24"]
[Round "?"]
[White "Thomas, Gerald K."]
[Black "Walsh, Patrick"]
[Result "0-1"]
[WhiteElo "1773"]
[BlackElo "1753"]

1. c4 Nf6 2. Nc3 c5 3. g3 d5 4. cxd5 Nxd5 5. Bg2 Nc7 6. e3 Nc6 7. Nge2 e6 
8. b3 Be7 9. Bb2 Nb4 10. d4 cxd4 11. exd4 Nbd5 12. Nxd5 Nxd5 13. O-O b6 
14. Nf4 Bb7 15. Nxd5 Bxd5 16. Bxd5 Qxd5 17. f3 Bf6 18. Qd3 O-O 19. Qe4 
Rfd8 20. Qxd5 Rxd5 21. Rfd1 Rad8 22. Rac1 g5 23. Rc7 a5 24. Rb7 Bxd4+ 25. 
Rxd4 Rxd4 26. Bxd4 Rxd4 27. Rxb6 Rd1+ 28. Kg2 Rd2+ 29. Kh3 Rxa2 30. Rb5 f6
31. g4 Kg7 32. Kg3 Kg6 33. Rb6 e5 34. Rb5 h5 35. gxh5+ Kxh5 36. b4 a4 37. 
Ra5 f5 38. Rxe5 f4+ 39. Kh3 Rf2 40. Ra5 Rxf3+ 41. Kg2 Ra3 42. b5 Kg4 43. 
h3+ Rxh3 44. Rxa4 Rb3 45. Ra5 f3+ 46. Kf2 Rb2+ 47. Kg1 Kg3 0-1

[Event "Summer Server Series, S91121"]
[Site "CCLA"]
[Date "2019.08.24"]
[Round "?"]
[White "Walton, John C."]
[Black "Thomas, Gerald K."]
[Result "1-0"]
[WhiteElo "1904"]
[BlackElo "1773"]

1. e4 d6 2. d4 g6 3. Nc3 Bg7 4. Be3 Nd7 5. Qd2 h5 6. Nf3 Bh6 7. h3 Bxe3 8.
 Qxe3 Ndf6 9. O-O-O c6 10. e5 dxe5 11. dxe5 Nd5 12. Nxd5 cxd5 13. Bb5+ Kf8
14. Qf4 Nh6 15. g4 hxg4 16. hxg4 Kg7 17. Nd4 Bxg4 18. f3 Bf5 19. Rd2 e6 
20. Rdh2 g5 21. Rg1 f6 22. exf6+ Qxf6 23. Rh5 Nf7 24. Nxf5+ exf5 25. 
Rhxg5+ Nxg5 26. Rxg5+ Kh7 27. Qh2+ Qh6 28. Qc7+ 1-0

[Event "Summer Server Series, S91121"]
[Site "CCLA"]
[Date "2019.08.24"]
[Round "?"]
[White "Walton, John C."]
[Black "Silverman, Robert"]
[Result "0-1"]
[WhiteElo "1904"]
[BlackElo "1919"]

1. d4 Nf6 2. c4 e6 3. g3 Be7 4. Bg2 c6 5. e4 d5 6. e5 Nfd7 7. Nc3 O-O 8. 
cxd5 exd5 9. f4 Nb6 10. Nf3 Bf5 11. a3 Qd7 12. h3 f6 13. g4 Be4 14. exf6 
Bxf3 15. Bxf3 Bxf6 16. g5 Bd8 17. O-O Nc4 18. Bg4 Qf7 19. f5 Nd7 20. b3 
Ba5 21. Ne2 Nd6 22. Ng3 Rfe8 0-1

[Event "Summer Server Series, S91121"]
[Site "CCLA"]
[Date "2019.08.24"]
[Round "?"]
[White "Walton, John C."]
[Black "Walsh, Patrick"]
[Result "1-0"]
[WhiteElo "1904"]
[BlackElo "1753"]

1. e4 e6 2. d4 d5 3. Nc3 Nf6 4. e5 Nfd7 5. f4 c5 6. Nf3 Nc6 7. Be3 cxd4 8.
 Nxd4 Bc5 9. Qd2 O-O 10. O-O-O a6 11. Qf2 Bxd4 12. Bxd4 b5 13. Be3 b4 14. 
Na4 a5 15. h4 Ba6 16. h5 Qc7 17. h6 g6 18. g4 Rfc8 19. Kb1 Ne7 20. f5 1-0

[Event "Summer Server Series, S91121"]
[Site "CCLA"]
[Date "2019.08.24"]
[Round "?"]
[White "Silverman, Robert"]
[Black "Thomas, Gerald K."]
[Result "1-0"]
[WhiteElo "1919"]
[BlackElo "1773"]

1. d4 Nf6 2. c4 c5 3. Nc3 e6 4. d5 d6 5. e4 Bd7 6. Be2 g6 7. Bf4 e5 8. Be3
a6 9. f4 exf4 10. Bxf4 h5 11. Qc2 Qc7 12. Bd3 Bg7 13. Nf3 Ng4 14. h3 Ne5 
15. Nxe5 dxe5 16. Be3 O-O 17. g4 hxg4 18. hxg4 Bxg4 19. Qg2 Qc8 20. Na4 
Ra7 21. Bxc5 Bh5 22. Bxa7 Nd7 23. Nb6 Nxb6 24. Bxb6 Kh7 25. Be2 Rh8 26. c5
Kg8 27. b4 Bxe2 28. Kxe2 Bh6 29. a4 Qf8 30. Bc7 Qg7 31. d6 f6 32. Rad1 Qd7
33. Qxg6+ Qg7 34. Qxg7+ Kxg7 35. d7 1-0

[Event "Summer Server Series, S91121"]
[Site "CCLA"]
[Date "2019.08.24"]
[Round "?"]
[White "Silverman, Robert"]
[Black "Walton, John C."]
[Result "1-0"]
[WhiteElo "1919"]
[BlackElo "1904"]

1. e4 c5 2. Nf3 e6 3. d3 Nc6 4. Be2 d5 5. O-O Nf6 6. Nbd2 Be7 7. e5 Nd7 8.
 Nb3 Ncxe5 9. Nxe5 Nxe5 10. Nxc5 Bxc5 11. d4 Bd6 12. dxe5 Bxe5 13. c3 O-O 
14. Be3 Qc7 15. f4 Bd6 16. Qd4 b6 17. Qa4 f6 18. Rad1 Bb7 19. Bf3 Bc6 20. 
Qd4 Rad8 21. Qd2 Ba4 22. Rde1 Be8 23. g3 Bf7 24. Be2 1-0

[Event "Summer Server Series, S91121"]
[Site "CCLA"]
[Date "2019.08.24"]
[Round "?"]
[White "Silverman, Robert"]
[Black "Walsh, Patrick"]
[Result "1-0"]
[WhiteElo "1919"]
[BlackElo "1753"]

1. d4 d5 2. c4 e6 3. Nc3 Nf6 4. e3 Be7 5. Nf3 O-O 6. cxd5 exd5 7. Bd3 c6 
8. O-O Nbd7 9. a3 Re8 10. Re1 Qc7 11. h3 Nf8 12. Bd2 Ne6 13. e4 dxe4 14. 
Nxe4 Nd5 15. Nc3 Ndf4 16. Bc2 Rd8 17. Be3 Bd6 18. Ne4 Bf8 19. g3 Nd5 20. 
Bb3 h6 21. Ne5 a5 22. Rc1 Nxe3 23. fxe3 a4 24. Ba2 Ra5 25. Qh5 g6 26. Qf3 
Bg7 27. Nd3 Ng5 28. Nxg5 Rxg5 29. g4 Kh7 30. Qf4 Qxf4 31. Nxf4 f5 32. Bb1 
Bf6 33. Kh2 1-0

[Event "Summer Server Series, S91121"]
[Site "CCLA"]
[Date "2019.08.24"]
[Round "?"]
[White "Walsh, Patrick"]
[Black "Thomas, Gerald K."]
[Result "1-0"]
[WhiteElo "1753"]
[BlackElo "1773"]

1. Nf3 Nf6 2. c4 c5 3. Nc3 b6 4. e4 d6 5. d4 cxd4 6. Nxd4 Bb7 7. Qe2 Nbd7 
8. g3 e5 9. Nf5 g6 10. Nh6 Bg7 11. Bg2 a6 12. O-O Rc8 13. Bg5 Qc7 14. b3 
b5 15. Nd5 Nxd5 16. cxd5 f6 17. Be3 Qc2 18. Qg4 Nf8 19. Rfc1 f5 20. exf5 
Qb2 21. f6 Rxc1+ 22. Rxc1 Bxf6 23. Rc7 Qb1+ 24. Bf1 Bxd5 25. Qc8+ Bd8 26. 
Re7+ 1-0

[Event "Summer Server Series, S91121"]
[Site "CCLA"]
[Date "2019.08.24"]
[Round "?"]
[White "Walsh, Patrick"]
[Black "Walton, John C."]
[Result "0-1"]
[WhiteElo "1753"]
[BlackElo "1904"]

1. Nf3 Nf6 2. c4 b6 3. d4 e6 4. g3 Ba6 5. b3 Bb4+ 6. Bd2 Be7 7. Nc3 d5 8. 
cxd5 exd5 9. Bg2 O-O 10. O-O Re8 11. Ne5 Bb7 12. Bf4 Nbd7 13. Rc1 Nf8 14. 
Qd3 Ne6 15. Be3 c6 16. f4 Bb4 17. Na4 Rc8 18. f5 Nf8 19. Bf4 N8d7 20. Bf3 
c5 0-1

[Event "Summer Server Series, S91121"]
[Site "CCLA"]
[Date "2019.08.24"]
[Round "?"]
[White "Walsh, Patrick"]
[Black "Silverman, Robert"]
[Result "0-1"]
[WhiteElo "1753"]
[BlackElo "1919"]

1. Nf3 Nf6 2. c4 Nc6 3. d4 d6 4. Nc3 e5 5. d5 Ne7 6. e4 h6 7. c5 a6 8. 
Qa4+ Bd7 9. Qb3 Ng6 10. Qxb7 dxc5 11. Qb3 Bd6 12. Bc4 Rb8 13. Qc2 O-O 14. 
Bxa6 Rb6 15. Bc4 Ne7 16. O-O c6 17. Re1 cxd5 18. exd5 Nf5 19. Nd2 Nd4 20. 
Qd1 Bf5 21. Nde4 Nxe4 22. Nxe4 Bc7 23. Kh1 Qh4 24. f3 Rg6 25. Re3 Bxe4 26.
 fxe4 Bd6 27. Bd2 Qf2 28. Bf1 f5 29. exf5 Rxf5 30. Re4 Rgf6 31. Bd3 Rg6 
0-1

[Event "Summer Server Series, S91122"]
[Site "CCLA"]
[Date "2019.08.24"]
[Round "?"]
[White "Anderson, Clarence"]
[Black "Shannon, Paul D."]
[Result "1-0"]
[WhiteElo "1871"]
[BlackElo "1875"]

1. d4 e6 2. g3 f5 3. Bg2 Nf6 4. c4 Be7 5. Nf3 O-O 6. O-O d5 7. b3 c6 8. 
Qc2 Ne4 9. Ba3 Nd7 10. Bxe7 Qxe7 11. Nbd2 e5 12. cxd5 cxd5 13. dxe5 Nxe5 
14. Qb2 Nc6 15. Rac1 f4 16. Ne1 fxg3 17. hxg3 Bg4 18. Nef3 Qe6 19. Nxe4 
dxe4 20. Ng5 Qh6 21. Nxe4 Bh3 22. Nc5 Bxg2 23. Kxg2 b6 24. Nd3 Rae8 25. 
Qc2 Nd4 26. Qc4+ Ne6 27. Nf4 Kh8 28. Nxe6 Rxe6 29. e3 Ref6 30. Qa6 Qh5 31.
 Rc8 Qf3+ 32. Kg1 h5 33. Rxf8+ Rxf8 34. Qxa7 h4 35. Qa4 hxg3 36. Qh4+ Kg8 
37. Qxg3 Qe4 38. Rc1 Rf6 39. Rc8+ Kh7 40. Rc4 Qb1+ 41. Kg2 Qxa2 42. Rh4+ 
Kg8 43. Qb8+ Kf7 44. Qc7+ Kg8 45. Qd8+ Kf7 46. Qd7+ Kg8 47. Qe8+ Rf8 48. 
Qe6+ Rf7 49. Rf4 Qa8+ 50. e4 Qf8 51. Qxf7+ 1-0

[Event "Summer Server Series, S91122"]
[Site "CCLA"]
[Date "2019.08.24"]
[Round "?"]
[White "Anderson, Clarence"]
[Black "Ruiz, Glenn"]
[Result "1/2-1/2"]
[WhiteElo "1871"]
[BlackElo "1791"]

1. d4 Nf6 2. Nf3 e6 3. e3 b6 4. Bd3 Bb7 5. Nbd2 c5 6. O-O Be7 7. e4 cxd4 
8. e5 Nd5 9. Nxd4 O-O 10. Be4 Qc8 11. c4 Nb4 12. a3 N4c6 13. N4f3 Rd8 14. 
Qc2 g6 15. b4 d6 16. Bb2 dxe5 17. Nxe5 Nxe5 18. Bxb7 Qxb7 19. Bxe5 Nd7 20.
 Bg3 Rac8 21. Ne4 Nf6 22. Nxf6+ Bxf6 23. Rad1 Qc6 24. Rxd8+ Rxd8 25. Rc1 
Rc8 26. Bf4 Bd4 1/2-1/2

[Event "Summer Server Series, S91122"]
[Site "CCLA"]
[Date "2019.08.24"]
[Round "?"]
[White "Anderson, Clarence"]
[Black "Catania, Duane"]
[Result "0-1"]
[WhiteElo "1871"]
[BlackElo "1656"]

1. d4 e6 2. g3 d5 3. Bg2 c5 4. Nf3 Nd7 5. O-O Be7 6. c4 Ngf6 7. cxd5 exd5 
8. Nc3 O-O 9. Bf4 a6 10. Rc1 Re8 11. dxc5 Nxc5 12. Bg5 Nce4 13. Nxe4 Nxe4 
14. Bxe7 Rxe7 15. Qd4 Be6 16. Rfd1 Rd7 17. Ne5 Rc7 18. Bxe4 Rxc1 19. Bxh7+
Kxh7 20. Rxc1 Rc8 21. Rxc8 Qxc8 22. Nf3 Kg8 23. Ng5 Qc1+ 24. Kg2 Qxg5 0-1

[Event "Summer Server Series, S91122"]
[Site "CCLA"]
[Date "2019.08.24"]
[Round "?"]
[White "Shannon, Paul D."]
[Black "Anderson, Clarence"]
[Result "1/2-1/2"]
[WhiteElo "1875"]
[BlackElo "1871"]

1. e4 g6 2. d4 Bg7 3. Nc3 c6 4. Bc4 d6 5. Qf3 e6 6. Nge2 b5 7. Bb3 a5 8. 
a3 Ba6 9. Be3 d5 10. exd5 exd5 11. O-O Nf6 12. Rfe1 O-O 13. Ng3 h5 14. Bg5
Bc8 15. h3 Nbd7 16. Qf4 Ra7 17. Bh6 Qc7 18. Qg5 Nh7 19. Qd2 Ndf6 20. Bxg7 
Kxg7 21. Re3 Be6 22. Rae1 Qc8 23. Nce2 h4 24. Nf1 Ne4 25. Qc1 g5 26. f3 
Nd6 27. Nd2 Bxh3 28. gxh3 Qxh3 29. Nf1 Nf5 30. Rc3 Re7 31. Kf2 Ng3 32. Re3
Rfe8 33. Nexg3 hxg3+ 34. Kg1 g2 35. Nh2 g4 36. Rxe7 Rxe7 37. fxg4 Rxe1+ 
38. Qxe1 a4 39. Ba2 Ng5 40. Qe5+ f6 41. Qc7+ Kg6 42. Qf4 Ne4 43. Qf3 Qh6 
44. Qf5+ Kg7 45. g5 Nxg5 46. Kxg2 Ne4 47. Nf3 Qe3 48. Qg4+ Kf7 49. Qd7+ 
Kf8 50. Qd8+ Kf7 51. Qd7+ 1/2-1/2

[Event "Summer Server Series, S91122"]
[Site "CCLA"]
[Date "2019.08.24"]
[Round "?"]
[White "Shannon, Paul D."]
[Black "Ruiz, Glenn"]
[Result "1/2-1/2"]
[WhiteElo "1875"]
[BlackElo "1791"]

1. f4 e5 2. e4 exf4 3. Nf3 d6 4. d4 g5 5. h4 g4 6. Ng1 Bh6 7. Ne2 Qf6 8. 
Nbc3 f3 9. Ng3 Bxc1 10. Nd5 Qh6 11. Qxc1 Qxc1+ 12. Rxc1 fxg2 13. Bxg2 Na6 
14. O-O c6 15. Ne3 h5 16. Nc4 Ke7 17. e5 d5 18. Nd6 Be6 19. Ngf5+ Kd7 20. 
Nxb7 Rb8 21. Nfd6 Rh7 22. b3 Kc7 23. Nc5 Nxc5 24. dxc5 Ne7 25. c4 Ng6 26. 
cxd5 cxd5 27. Nf5 Nxe5 28. Nd4 Ng6 29. Nxe6+ fxe6 30. Rf6 Nxh4 31. Rxe6 
Nxg2 32. Kxg2 Rb4 33. Ra6 Kb7 34. Rd6 Rd4 35. Rf1 Rc7 36. Rc1 h4 37. Rc2 
Rf7 38. Rh6 g3 39. a3 Rdf4 40. b4 a6 41. Rd2 Rf2+ 42. Rxf2 Rxf2+ 43. Kg1 
Ra2 44. Rb6+ Ka7 45. Rh6 Rxa3 46. Rh7+ Kb8 47. Rxh4 Rc3 48. Rh6 Kb7 49. 
Rb6+ Ka7 50. Rd6 Rc4 51. Rd7+ Kb8 52. Rxd5 Rxb4 53. Kg2 Rg4 54. c6 Kc7 55.
 Ra5 Kb6 56. c7 Rc4 57. Ra3 Rxc7 58. Kxg3 Kb5 59. Kf4 Rc4+ 60. Ke3 a5 61. 
Kd3 a4 62. Rc3 Rh4 63. Kc2 Rh2+ 64. Kb1 Rh1+ 65. Kb2 Kb4 66. Rg3 a3+ 67. 
Ka2 Rh2+ 1/2-1/2

[Event "Summer Server Series, S91122"]
[Site "CCLA"]
[Date "2019.08.24"]
[Round "?"]
[White "Shannon, Paul D."]
[Black "Catania, Duane"]
[Result "1/2-1/2"]
[WhiteElo "1875"]
[BlackElo "1656"]

1. d4 e6 2. g3 d5 3. Bg2 c5 4. Nf3 Nc6 5. O-O Be7 6. e3 Nf6 7. b3 O-O 8. 
dxc5 Bxc5 9. Bb2 Re8 10. Ne5 Nxe5 11. Bxe5 Bd6 12. Bb2 Rb8 13. Nd2 b6 14. 
Nf3 Bb7 15. Ne5 Qc7 16. Nd3 Ne4 17. Rc1 Qe7 18. f3 Nc5 19. Re1 Qg5 20. c4 
Ba6 21. Nxc5 Bxc5 22. f4 Qh6 23. Kh1 dxc4 24. bxc4 Red8 25. Qa4 Bb7 26. e4
a5 27. Rcd1 Qh5 28. Rd7 Rxd7 29. Qxd7 Ba8 30. Be5 Rf8 31. Bd6 Bxd6 32. 
Qxd6 Qc5 33. Qxc5 bxc5 34. Rb1 Rd8 35. Kg1 g6 36. Rb2 Kg7 37. e5 Bxg2 38. 
Kxg2 Rd4 39. Rc2 1/2-1/2

[Event "Summer Server Series, S91122"]
[Site "CCLA"]
[Date "2019.08.24"]
[Round "?"]
[White "Ruiz, Glenn"]
[Black "Anderson, Clarence"]
[Result "0-1"]
[WhiteElo "1791"]
[BlackElo "1871"]

1. d4 g6 2. c4 c5 3. d5 Bg7 4. g3 b5 5. cxb5 a6 6. bxa6 Nf6 7. Nf3 d6 8. 
Bg2 O-O 9. O-O Bxa6 10. Nc3 Nbd7 11. Re1 Qb6 12. Rb1 Rfb8 13. Qc2 Bc4 14. 
b3 Bxd5 15. Nxd5 Nxd5 16. a3 Nc3 17. Nd2 Nxb1 18. Nc4 Qxb3 19. Qxb3 Rxb3 
20. Bxa8 Nb6 21. Nxb6 Rxb6 22. Bg5 Kf8 23. a4 Nc3 0-1

[Event "Summer Server Series, S91122"]
[Site "CCLA"]
[Date "2019.08.24"]
[Round "?"]
[White "Ruiz, Glenn"]
[Black "Shannon, Paul D."]
[Result "1-0"]
[WhiteElo "1791"]
[BlackElo "1875"]

1. d4 e6 2. c4 f5 3. g3 Nf6 4. Bg2 Be7 5. Nf3 O-O 6. O-O d5 7. b3 c6 8. 
Ba3 Nbd7 9. Bxe7 Qxe7 10. Nbd2 Ne4 11. Qc2 Ndf6 12. Ne1 Nxd2 13. Qxd2 Ne4 
14. Qc2 Bd7 15. Nd3 Be8 16. f3 Ng5 17. Rae1 Bg6 18. Nf4 Qf6 19. h4 Nf7 20.
 h5 Bxh5 21. Nxh5 Qxd4+ 22. e3 Qc5 23. Nf4 Rae8 24. Nd3 Qe7 25. f4 Qd8 26.
 Qc3 Nd6 27. Ne5 Re7 28. a4 Ne8 29. a5 a6 30. Ra1 Rc7 31. Kf2 Nd6 32. Bf3 
Qf6 33. Rac1 Ne4+ 34. Bxe4 fxe4 35. Kg2 Qe7 36. Rh1 g5 37. Ng6 1-0

[Event "Summer Server Series, S91122"]
[Site "CCLA"]
[Date "2019.08.24"]
[Round "?"]
[White "Ruiz, Glenn"]
[Black "Catania, Duane"]
[Result "1-0"]
[WhiteElo "1791"]
[BlackElo "1656"]

1. d4 e6 2. c4 b6 3. Nc3 Bb4 4. e3 Bb7 5. Ne2 f5 6. a3 Bxc3+ 7. Nxc3 Nf6 
8. f3 O-O 9. Qc2 Qe8 10. Be2 Qg6 11. O-O a6 12. Rd1 d6 13. b4 Nbd7 14. Bb2
Rae8 15. Na4 e5 16. d5 e4 17. f4 Qh6 18. Bd4 Rf7 19. Nc3 g5 20. g3 gxf4 
21. gxf4 Rg7+ 22. Kh1 Kf7 23. Rg1 Reg8 24. Rxg7+ Rxg7 25. Rg1 Rxg1+ 26. 
Kxg1 Nf8 27. Qd1 Ng6 28. Bxf6 Kxf6 29. Qe1 Bc8 30. Qf2 Bd7 31. Bd1 Be8 32.
 Ne2 Qh3 33. Nd4 Nf8 34. Qg3 Qxg3+ 35. hxg3 Bd7 36. Kf2 Be8 37. g4 fxg4 
38. Bxg4 Bd7 39. Kg3 Bxg4 40. Kxg4 Nd7 41. Ne6 b5 42. cxb5 axb5 43. Ng5 
h5+ 44. Kxh5 Nb6 45. Nxe4+ Kf5 46. Nc3 Nc4 47. Nxb5 Nxe3 48. Nxc7 Kxf4 49.
 a4 Nc4 50. a5 Kf5 51. a6 Kf6 52. a7 Nb6 53. a8=Q Nxa8 54. Nxa8 Ke7 55. 
Kg5 1-0

[Event "Summer Server Series, S91122"]
[Site "CCLA"]
[Date "2019.08.24"]
[Round "?"]
[White "Catania, Duane"]
[Black "Anderson, Clarence"]
[Result "0-1"]
[WhiteElo "1656"]
[BlackElo "1871"]

1. e4 g6 2. d4 Bg7 3. Nf3 d6 4. Be2 Nf6 5. Nbd2 O-O 6. O-O Nbd7 7. c3 e5 
8. Re1 Re8 9. Qc2 b6 10. Nf1 Bb7 11. Ng3 exd4 12. cxd4 Nxe4 13. Nxe4 Bxe4 
14. Qd1 Bb7 15. Be3 Nf6 16. Rc1 h6 17. Qc2 Rc8 18. Nd2 Nd5 19. Bc4 Nxe3 
20. fxe3 Qg5 21. Nf1 c5 22. Qf2 d5 23. Bb5 Re7 24. Kh1 a6 25. Be2 c4 26. 
Bf3 Rce8 27. Red1 b5 28. b3 Qf6 29. Qg3 h5 30. Kg1 Bh6 31. Bxh5 Bxe3+ 32. 
Nxe3 Rxe3 33. Bf3 cxb3 34. axb3 Rxb3 35. Rc7 Ba8 36. Qg4 Rbe3 37. h4 Qe6 
38. Qg5 Re1+ 39. Rxe1 Qxe1+ 40. Kh2 Qe6 41. Qf4 Kg7 42. Ra7 b4 43. Bg4 Qf6
44. Qxf6+ Kxf6 45. Rxa6+ Kg7 46. Rb6 Re4 47. Kg3 Rxd4 48. Bf3 Rc4 49. Rb8 
Bc6 50. Rb6 Kf8 51. h5 gxh5 52. Bxh5 Ke7 53. Be2 Rc3+ 54. Kf4 b3 55. Bd1 
Ba4 56. Ke5 Rd3 57. Rb7+ Kd8 58. Bf3 Bc6 59. Rb4 Kc7 60. Kf6 Be8 61. Ke5 
Bc6 62. Bh5 Be8 63. Kf6 Kd6 64. Bf3 Kc5 65. Rb8 Rxf3+ 66. gxf3 Bb5 67. 
Rc8+ Kb4 68. Rc1 b2 69. Rg1 Bc4 70. Ke5 Kc3 71. f4 d4 72. Rg3+ Bd3 0-1

[Event "Summer Server Series, S91122"]
[Site "CCLA"]
[Date "2019.08.24"]
[Round "?"]
[White "Catania, Duane"]
[Black "Shannon, Paul D."]
[Result "0-1"]
[WhiteElo "1656"]
[BlackElo "1875"]

1. e4 c6 2. d4 d5 3. Nc3 dxe4 4. Nxe4 Nd7 5. Nf3 Ngf6 6. Ng3 e6 7. Bd3 c5 
8. O-O cxd4 9. Nxd4 Bc5 10. Nf3 O-O 11. Bg5 Qb6 12. Rb1 h6 13. Bd2 Re8 14.
 a3 Bd6 15. Be3 Qc7 16. b4 a5 17. c4 axb4 18. axb4 b6 19. Nd4 Bxg3 20. 
fxg3 Bb7 21. Qe2 e5 22. Nf5 Qc6 23. b5 Qe6 24. Qb2 Ne4 25. Rbe1 Nd6 26. 
Nxd6 Qxd6 27. Rd1 Qc7 28. Rd2 e4 29. Be2 Ne5 30. Qb3 Qe7 31. Bxb6 Ra3 32. 
Qb2 Rea8 33. c5 e3 34. Rd8+ Rxd8 35. Bxd8 Qxc5 36. Rd1 Rc3 37. Bb6 Rc2 38.
 Qb1 Qc8 39. Re1 Be4 40. Rd1 Qf5 41. Qxc2 Qf2+ 0-1

[Event "Summer Server Series, S91122"]
[Site "CCLA"]
[Date "2019.08.24"]
[Round "?"]
[White "Catania, Duane"]
[Black "Ruiz, Glenn"]
[Result "1-0"]
[WhiteElo "1656"]
[BlackElo "1791"]

1. e4 c6 2. d4 d5 3. Nc3 dxe4 4. Nxe4 Nd7 5. Nf3 Ngf6 6. Ng3 e6 7. Bd3 c5 
8. c3 cxd4 9. Nxd4 Ne5 10. Bc2 Bd7 11. Qe2 Nc6 12. Nf3 Be7 13. O-O Qc7 14.
 Bg5 h6 15. Be3 Ne5 16. Nd4 Nc4 17. Bc1 g6 18. Re1 O-O-O 19. b3 Nb6 20. c4
Bb4 21. Bb2 Bxe1 22. Rxe1 Nh7 23. Nb5 Bxb5 24. cxb5 Qe7 25. Rc1 Qf8 26. 
Bxh8 Qxh8 27. Bxg6+ Kd7 28. Bxf7 Ng5 29. Bh5 Qf6 30. Ne4 Nxe4 31. Qxe4 Nd5
32. Qg6 Qb2 33. Qf7+ Kd6 34. Rd1 Rd7 35. Qf8+ Kc7 36. Qc5+ Kd8 37. Qxa7 
Kc7 38. Bf3 Qc2 39. b6+ Kd8 40. h3 Qc5 41. Qb8+ Ke7 42. Qe5 Kf7 43. Bh5+ 
Ke7 44. Qg7+ Kd6 45. Qf8+ Re7 46. Qxh6 Qxb6 47. Bf3 Kc5 48. Bxd5 exd5 49. 
Rxd5+ 1-0

[Event "Summer Server Series, S91123"]
[Site "CCLA"]
[Date "2019.08.24"]
[Round "?"]
[White "Dolan, Bruce"]
[Black "Zarges, Ron V."]
[Result "0-1"]
[WhiteElo "1699"]
[BlackElo "1695"]

1. e4 c5 2. Nf3 e6 3. Nc3 a6 4. g3 b5 5. Bg2 Bb7 6. d3 d6 7. O-O Nf6 8. 
Bg5 Be7 9. Bd2 Nc6 10. Ne2 O-O 11. Qb1 d5 12. exd5 Nxd5 13. a4 b4 14. Re1 
Rb8 15. Qa2 a5 16. Nf4 Nxf4 17. Bxf4 Bd6 18. Bxd6 Qxd6 19. Rad1 h6 20. c3 
Ba6 21. c4 Bb7 22. Qa1 b3 23. Qc1 Nb4 24. Qc3 Nc2 25. Re2 Nd4 26. Nxd4 
cxd4 27. Qxa5 Bxg2 28. Kxg2 Ra8 29. Qe1 Rxa4 30. f4 Re8 31. Re5 Qc6+ 32. 
Qe4 Qxe4+ 33. Rxe4 Rd8 34. Re5 Ra2 35. Rd2 Rb8 36. Rde2 Ra1 37. Re1 Ra2 
38. R1e2 Ra1 39. Kf3 Rf1+ 40. Ke4 Rd8 41. Rb5 f5+ 42. Ke5 Ra1 43. Rxb3 
Ra5+ 44. Rb5 Rxb5+ 45. cxb5 Kf7 46. Rc2 Rd5# 0-1

[Event "Summer Server Series, S91123"]
[Site "CCLA"]
[Date "2019.08.24"]
[Round "?"]
[White "Dolan, Bruce"]
[Black "Strelecky, Rich"]
[Result "1-0"]
[WhiteElo "1699"]
[BlackElo "1675"]

1. e4 d5 2. exd5 Nf6 3. Bb5+ Bd7 4. Bc4 b5 5. Bb3 a5 6. a3 a4 7. Ba2 g6 8.
 d4 Bg7 9. Nf3 O-O 10. O-O Re8 11. Nc3 c6 12. dxc6 Bxc6 13. Ne5 e6 14. 
Nxc6 Nxc6 15. Nxb5 Nh5 16. Be3 Re7 17. Bg5 f6 18. Bd2 Nxd4 19. Bb4 Rd7 20.
 Nxd4 Rxd4 21. Bxe6+ Kh8 22. Qf3 Nf4 23. Ba2 Qb8 24. Rfd1 Rxd1+ 25. Rxd1 
Ra7 26. Bd6 Qxb2 27. Bc4 Qxc2 28. Bxf4 Qxc4 29. Rd8+ Bf8 30. Bh6 Rf7 31. 
Bxf8 Qc1+ 32. Rd1 Qc8 33. Bh6 Qe8 34. Qc6 Rf8 35. Qxe8 Rxe8 36. g3 Kg8 37.
 Rd7 Ra8 38. Bd2 Rc8 39. Ra7 Rc2 40. Bb4 h5 41. Rxa4 Rc4 42. Ra7 h4 43. 
Bd2 hxg3 44. hxg3 Rc6 45. a4 g5 46. a5 Rc2 47. Be3 Ra2 48. a6 Ra1+ 49. Kg2
g4 50. Ra8+ Kf7 51. a7 Ke6 52. Rb8 Rxa7 53. Bxa7 1-0